Araribá Geografia (Record no. 74753)

MARC details
000 -LÍDER
campo de controle de tamanho fixo 00322 a2200145 4500
001 - NÚMERO DE CONTROLE
campo de controle 74753
020 ## - ISBN - INTERNATIONAL STANDARD BOOK NUMBER
ISBN - International Standard Book Number 978851606837-0
040 ## - FONTE DA CATALOGAÇÃO
Instituição que transcreveu o registro Anchieta - Colégio São Paulo
240 10 - TÍTULO UNIFORME
Título uniforme Araribá Geografia
Idioma da obra por
245 10 - TÍTULO
Título Araribá Geografia
300 ## - DESCRIÇÃO FÍSICA
Extensão 216
362 0# - DATAS DE PUBLICAÇÃO E/OU DESIGNAÇÃO SEQUENCIAL
Datas de publicação e/ou designação sequencial 2010
650 #4 - ASSUNTO--TERMO TÓPICO
Cabeçalho tópico ou nome geográfico Geografia e viagens
942 ## - ELEMENTOS DE ENTRADA ADICIONADOS (KOHA)
Tipo de material Koha Livros
Holdings
Situação do descarte Situação das perdas Situação física Não pode ser emprestado Biblioteca de origem Biblioteca atual Data de aquisição Total de empréstimos Número de chamada completo Código de barras Data de último acesso Data do preço efetivo Tipo de material Koha
        Colégio São Paulo Colégio São Paulo 22/11/2023   910 M689a 5659/CSP 22/11/2023 22/11/2023 Livros